ბათუმის შოთა რუსთაველის სახელმწიფო უნივერსიტეტის ბიბლიოთეკა

Сборник задач по аналитической геометрии (ბიბ.ჩანაწერი № 47966)

000 -LEADER
fixed length control field 00588nam a2200193Ia 4500
001 - CONTROL NUMBER
control field 14843
003 - CONTROL NUMBER IDENTIFIER
control field GE_BSU
008 - FIXED-LENGTH DATA ELEMENTS--GENERAL INFORMATION
fixed length control field 181216s||||||||xx |||||||||||||| ||und||
040 ## - CATALOGING SOURCE
Transcribing agency GE_BSU
080 ## - UNIVERSAL DECIMAL CLASSIFICATION NUMBER
Universal Decimal Classification number 514.12(075.8)
100 ## - MAIN ENTRY--PERSONAL NAME
Personal name Бахвалов,С.В. Моденов,А.С.
245 ## - TITLE STATEMENT
Title Сборник задач по аналитической геометрии
260 ## - PUBLICATION, DISTRIBUTION, ETC.
Place of publication, distribution, etc. Москва
260 ## - PUBLICATION, DISTRIBUTION, ETC.
Name of publisher, distributor, etc. Гостехиздат
260 ## - PUBLICATION, DISTRIBUTION, ETC.
Date of publication, distribution, etc. 1957
300 ## - PHYSICAL DESCRIPTION
Extent 384стр.22см.
653 ## - INDEX TERM--UNCONTROLLED
Uncontrolled term Сборник задач по аналитической геометрии
942 ## - ADDED ENTRY ELEMENTS (KOHA)
Koha item type წიგნი
ეგზემპლარები
Withdrawn status Lost status Damaged status Not for loan Date acquired Barcode Date last seen Price effective from Koha item type
        2018-12-17 15775 2018-12-17 2018-12-17 წიგნი